Lazos de familia /

El libro German Martin, autentico manual de como observar e interp retar una imagen, me hace pensar en dos grandes artistas del siglo XX, Marce l Duchamp y Rene Magritte. El primero sostenia la idea de que el veedor aque l que observa una imagen, es el que completa y agrega un significado mas a l o...

Full description

Bibliographic Details
Main Author: Marín, Germán 1934-
Format: Libro
Language:Spanish
Published: Santiago, Chile De bolsillo 2008
Edition:1a. ed.
Subjects:
Online Access:

MARC

LEADER 00000cam a2200000 a 4500
001 028597
003 UAHC_CL
005 20170803122951.0
008 121025s2008 cl 000 spa
020 |a 9789568367855 
040 |a UAHC_CL  |c UAHC_CL  |d UAHC_CL 
082 0 4 |a Ch868  |b M337  |2 21 
100 1 |a Marín, Germán  |d 1934- 
245 1 0 |a Lazos de familia /  |c Germán Marín. 
250 |a 1a. ed. 
260 |b De bolsillo  |a Santiago, Chile  |c 2008 
300 |a 159 p. 
520 |a El libro German Martin, autentico manual de como observar e interp retar una imagen, me hace pensar en dos grandes artistas del siglo XX, Marce l Duchamp y Rene Magritte. El primero sostenia la idea de que el veedor aque l que observa una imagen, es el que completa y agrega un significado mas a l o observado, enriqueciendo asi su contenido. Magritte decia que lo mas impor tante en una imagen observada es aquello que no esta fisicamente presente en ella. Esa parte invisible que da el verdadero significado a lo observado. 
650 4 |a PROSA CHILENA 
653 |a ACTUACION TEATRAL 
653 |a DANZA 
653 |a LICENCIATURA EN MUSICA 
900 |a Ch868 MAR 
942 |c BK 
952 |0 0  |1 0  |4 0  |6 CH_868_000000000000000_MAR  |7 0  |8 General  |9 56604  |a BS  |b BS  |c General  |d 2017-08-03  |l 0  |o Ch868 MAR  |p 1405809  |r 2025-11-26 00:00:00  |t 1  |w 2017-08-03  |y BK 
999 |c 28597  |d 28597